[Event "ThEM 2004"]
[Site "Bad Frankenhausen"]
[Date "2004.04.12"]
[Round "9"]
[White "Kirschbaum, Gunnar"]
[Black "Siebarth, Raiko"]
[Result "1/2-1/2"]
[WhiteElo "2200"]
[BlackElo "2123"]
[PlyCount "69"]
[EventDate "2004.??.??"]
[EventRounds "9"]
[EventCountry "GER"]

{95MB, K0F2J9} 1. d4 Nf6 2. c4 g6 3. Nc3 Bg7 4. e4 d6 5. f4 O-O 6. Nf3 c5 7. d5
e6 8. Be2 exd5 9. cxd5 Re8 10. e5 dxe5 11. fxe5 Ng4 12. Bg5 Qa5 13. O-O Bf5 14.
d6 h6 15. Bd2 Nc6 16. Nd5 Qd8 17. Nc7 Ngxe5 18. Nxe8 Qxe8 19. Nxe5 Qxe5 20. Bc3
Nd4 21. Bxd4 Qxd4+ 22. Kh1 Qxd1 23. Raxd1 Rd8 24. Bc4 Bxb2 25. Rfe1 Bf6 26. Bd5
Bc2 27. Rc1 Rxd6 28. Bxb7 Rd2 29. Bf3 Bb2 30. Re8+ Kg7 31. Rce1 Bd3 32. R8e7 c4
33. Bd5 Rf2 34. Rc7 Be5 35. Rxc4 1/2-1/2

[Event "ThEM 2004"]
[Site "Bad Frankenhausen"]
[Date "2004.04.12"]
[Round "9"]
[White "Kirste, Olaf"]
[Black "Hermann, Ingo"]
[Result "1-0"]
[WhiteElo "2066"]
[BlackElo "1998"]
[PlyCount "62"]
[EventDate "2004.??.??"]
[EventRounds "9"]
[EventCountry "GER"]

{95MB, K0F2J9} 1. c4 d6 2. Nc3 e5 3. Nf3 g6 4. d4 Nd7 5. Bg5 f6 6. Bd2 Bg7 7.
e4 Ne7 8. Bd3 O-O 9. dxe5 Nxe5 10. Nxe5 dxe5 11. Be2 c6 12. Qa4 f5 13. O-O-O
Qc7 14. f3 Be6 15. Bg5 a6 16. Qb4 Nc8 17. c5 a5 18. Qa3 h6 19. Be3 f4 20. Bf2
Rd8 21. Na4 Bf8 22. Kb1 Kh7 23. Qc3 Bg7 24. Bc4 Bxc4 25. Qxc4 Ne7 26. Qe6 Ng8
27. Nb6 Rxd1+ 28. Rxd1 Rd8 29. Rd6 Bf6 30. Nd7 Kg7 31. Nxf6 Nxf6 1-0

[Event "ThEM 2004"]
[Site "Bad Frankenhausen"]
[Date "2004.04.12"]
[Round "9"]
[White "Manger, Erika"]
[Black "Moeller, Axel"]
[Result "0-1"]
[WhiteElo "1384"]
[BlackElo "2010"]
[PlyCount "64"]
[EventDate "2004.??.??"]
[EventRounds "9"]
[EventCountry "GER"]

{95MB, K0F2J9} 1. c4 Nf6 2. Nc3 g6 3. g3 Bg7 4. Bg2 e5 5. e4 O-O 6. Nge2 d6 7.
O-O Nc6 8. d4 exd4 9. Nxd4 Nxd4 10. Qxd4 Re8 11. Qd3 Bd7 12. Rb1 a5 13. Be3 Ng4
14. Bd4 Ne5 15. Bxe5 dxe5 16. Rbd1 Be6 17. b3 c6 18. Qe3 Qc7 19. Rd3 Rad8 20.
Rfd1 Rd4 21. Ne2 Rxd3 22. Rxd3 Rd8 23. Qd2 Rxd3 24. Qxd3 Bf8 25. f4 f5 26. fxe5
Qxe5 27. Qc3 Qc5+ 28. Kf1 fxe4 29. Bxe4 Bh3+ 30. Bg2 Qf5+ 31. Kg1 Bc5+ 32. Kh1
Bxg2+ 0-1

[Event "ThEM 2004"]
[Site "Bad Frankenhausen"]
[Date "2004.04.12"]
[Round "9"]
[White "Missbach, Bernd"]
[Black "Aepfler, Christian"]
[Result "1/2-1/2"]
[WhiteElo "2187"]
[BlackElo "2271"]
[PlyCount "91"]
[EventDate "2004.??.??"]
[EventRounds "9"]
[EventCountry "GER"]

{95MB, K0F2J9} 1. e4 e6 2. d4 d5 3. exd5 exd5 4. Bd3 Bd6 5. Qf3 c6 6. Ne2 Qf6
7. Bf4 Bxf4 8. Qxf4 Nd7 9. Nd2 Ne7 10. Nf3 Ng6 11. Qe3+ Qe7 12. Bxg6 hxg6 13.
Qxe7+ Kxe7 14. h3 Nf6 15. Ng3 Bf5 16. Kd2 Be4 17. Ne1 Kd6 18. f3 Bf5 19. Nxf5+
gxf5 20. Nd3 Nd7 21. Rae1 Rae8 22. b3 b6 23. a4 c5 24. c3 a5 25. Rhf1 g6 26.
Rf2 Rxe1 27. Nxe1 Rc8 28. g4 fxg4 29. fxg4 Ke7 30. Re2+ Kd6 31. Rf2 f6 32. Nd3
c4 33. bxc4 Rxc4 34. Nb2 Rc8 35. Kd3 Re8 36. Kd2 Rh8 37. Rf3 Rb8 38. h4 Rh8 39.
Rh3 g5 40. h5 f5 41. gxf5 Nf6 42. h6 Ng8 43. Rg3 Nf6 44. Rh3 Ng8 45. Rh5 Nf6
46. Rh3 1/2-1/2

[Event "ThEM 2004"]
[Site "Bad Frankenhausen"]
[Date "2004.04.12"]
[Round "9"]
[White "Schorch, Rüdiger"]
[Black "Petiko, Jakob"]
[Result "1-0"]
[WhiteElo "1901"]
[BlackElo "2160"]
[PlyCount "95"]
[EventDate "2004.??.??"]
[EventRounds "9"]
[EventCountry "GER"]

{95MB, K0F2J9} 1. c4 d6 2. Nc3 e5 3. Nf3 Nf6 4. d4 Nbd7 5. Bg5 c6 6. e3 Qa5 7.
Qd2 Be7 8. Bd3 a6 9. O-O b5 10. b3 O-O 11. Nd5 Bd8 12. b4 Qa3 13. Nxf6+ Nxf6
14. dxe5 bxc4 15. Bxc4 Ne4 16. Qd4 Nxg5 17. Nxg5 Bxg5 18. Qxd6 a5 19. Qxc6 axb4
20. Rab1 Be7 21. Bd5 Qa7 22. Qxa8 Qxa8 23. Bxa8 Ba6 24. Bd5 Bxf1 25. Kxf1 Rb8
26. Bb3 Kf8 27. Ke2 Bc5 28. Rc1 Rc8 29. Rc4 Rc7 30. Kf3 Ke7 31. Ke4 Kd7 32. f4
f6 33. Ba4+ Kd8 34. e6 Ke7 35. Kd5 Bd6 36. Rxc7+ Bxc7 37. g3 Bb6 38. e4 Bg1 39.
f5 Bxh2 40. Kc4 Bxg3 41. Kxb4 g5 42. Bd1 Bd6+ 43. Kc4 Ba3 44. Kb3 Bc5 45. a4
Kd6 46. Kc4 Kc6 47. Bf3 Be7 48. e5+ 1-0

[Event "ThEM 2004"]
[Site "Bad Frankenhausen"]
[Date "2004.04.12"]
[Round "9"]
[White "Seidens, Gunter"]
[Black "Hannes, Diana"]
[Result "1-0"]
[WhiteElo "2050"]
[BlackElo "1539"]
[PlyCount "49"]
[EventDate "2004.??.??"]
[EventRounds "9"]
[EventCountry "GER"]

{95MB, K0F2J9} 1. d4 f5 2. c4 Nf6 3. g3 e6 4. Nf3 d5 5. Nbd2 c6 6. Bg2 Bd6 7.
O-O O-O 8. b3 Ne4 9. Nxe4 fxe4 10. Ng5 Qe8 11. f3 exf3 12. Qd3 g6 13. Nxf3 Nd7
14. Bh6 Rf6 15. e4 dxe4 16. Qxe4 Bf8 17. Bf4 Nb6 18. Ne5 Bg7 19. Rae1 Bd7 20.
Bh3 Rd8 21. Bg5 Rxf1+ 22. Rxf1 Ra8 23. Nxd7 Nxd7 24. Qxe6+ Qxe6 25. Bxe6+ 1-0

[Event "ThEM 2004"]
[Site "Bad Frankenhausen"]
[Date "2004.04.12"]
[Round "9"]
[White "Stridde, Peter"]
[Black "Steinmetzer, Thomas"]
[Result "1/2-1/2"]
[WhiteElo "2074"]
[BlackElo "2019"]
[PlyCount "104"]
[EventDate "2004.??.??"]
[EventRounds "9"]
[EventCountry "GER"]

1. Nc3 d5 2. e4 d4 3. Nce2 e5 4. Ng3 Be6 5. Nf3 f6 6. c3 c5 7. Bb5+ Nc6 8. Qa4
Nge7 9. b4 a6 10. Bxc6+ Nxc6 11. bxc5 Bxc5 12. cxd4 b5 13. Qc2 Nxd4 14. Qxc5
Rc8 15. Nxd4 Rxc5 16. Nxe6 Qc8 17. Nxc5 Qxc5 18. O-O O-O 19. d3 Qd4 20. Be3 Qb2
21. Nf5 Rf7 22. Rfd1 Rc7 23. Bd2 Rc2 24. Be1 Qa3 25. h4 a5 26. h5 b4 27. Ne3
Rxa2 28. Rac1 b3 29. Rc8+ Kf7 30. Rc7+ Kf8 31. Rc8+ Kf7 32. Rc7+ Ke8 33. Rc8+
Kd7 34. Rdc1 Qd6 35. Nf5 Qb6 36. Rg8 Rc2 37. Rxg7+ Kc8 38. Ra1 b2 39. Rxa5 Qxa5
40. Bxa5 b1=Q+ 41. Kh2 Qa2 42. Bb6 Qe6 43. Ne7+ Kb8 44. Nd5 Rb2 45. Be3 Rb7 46.
h6 f5 47. Bg5 Rf7 48. f3 f4 49. Rxf7 Qxf7 50. Bf6 Kb7 51. d4 exd4 52. Bxd4 Qh5+
1/2-1/2

[Event "ThEM 2004"]
[Site "Bad Frankenhausen"]
[Date "2004.04.12"]
[Round "9"]
[White "Vater, Rainer"]
[Black "Toepfer, Roland"]
[Result "1-0"]
[WhiteElo "2138"]
[BlackElo "1618"]
[PlyCount "121"]
[EventDate "2004.??.??"]
[EventRounds "9"]
[EventCountry "GER"]

{95MB, K0F2J9} 1. e4 e6 2. d3 Nc6 3. g3 b6 4. Bg2 Bb7 5. Nf3 Be7 6. O-O Nf6 7.
Nbd2 d6 8. c3 O-O 9. Re1 Rb8 10. d4 Re8 11. Nf1 d5 12. e5 Nd7 13. N3d2 Na5 14.
b4 Nc6 15. f4 a5 16. b5 Na7 17. a4 c6 18. bxc6 Nxc6 19. Ne3 Qc7 20. Bb2 Ba6 21.
f5 Bf8 22. Qg4 Bd3 23. f6 Bg6 24. fxg7 Bxg7 25. h4 f5 26. Qe2 h6 27. h5 Bh7 28.
Nf3 Nf8 29. Nh4 Qe7 30. Nxd5 Qg5 31. Qe3 Qxe3+ 32. Rxe3 Nxd4 33. cxd4 exd5 34.
Bxd5+ Kh8 35. Rc1 b5 36. Bc6 Red8 37. axb5 Ne6 38. d5 Nc7 39. Rc5 Bf8 40. e6+
Bg7 41. Bxg7+ Kxg7 42. Ra3 Kf6 43. Rxa5 Rg8 44. Kf2 Ke7 45. Bd7 Rb7 46. Ra4 Kd6
47. Rac4 Rg4 48. Rc6+ Kxd5 49. Rxc7 Rxc7 50. Rxc7 Kd6 51. b6 Rb4 52. Bc8 Bg8
53. e7 Bf7 54. Nxf5+ Kd5 55. Rd7+ Ke5 56. e8=N Rb2+ 57. Ke3 Be6 58. Rd2 Rxb6
59. Bxe6 Rxe6 60. Nc7 Rc6 61. Rd5+ 1-0

[Event "Thüringer Einzelmeisterschaft"]
[Site "Finsterbergen"]
[Date "2005.03.23"]
[Round "1"]
[White "Aepfler, Christian"]
[Black "Rohmeiss, Roberto"]
[Result "0-1"]
[WhiteElo "2262"]
[BlackElo "2088"]
[PlyCount "110"]
[EventDate "2005.??.??"]
[EventRounds "9"]
[EventCountry "GER"]

1. e4 c5 2. c3 Nf6 3. e5 Nd5 4. d4 cxd4 5. cxd4 d6 6. Nf3 Nc6 7. Bc4 Nb6 8. Bb5
dxe5 9. Nxe5 Bd7 10. Bxc6 Bxc6 11. Nxc6 bxc6 12. O-O e6 13. Nc3 Be7 14. Bf4 O-O
15. Be5 Bf6 16. Qe2 Nd5 17. Rac1 Rc8 18. Rfd1 Qe7 19. Qa6 Bxe5 20. dxe5 Nb4 21.
Qc4 h6 22. Rd6 Qb7 23. Ne4 Nd5 24. b3 Rc7 25. Nc5 Qb5 26. Na6 Rcc8 27. a4 Qa5
28. g3 Qd2 29. Qf1 Qb2 30. Rdxc6 Rxc6 31. Rxc6 Qxb3 32. Rc4 Nb6 33. Rb4 Qc3 34.
Re4 Rd8 35. Re1 Nxa4 36. Rd1 Rxd1 37. Qxd1 Nb2 38. Qd6 Nd3 39. Qb8+ Kh7 40.
Qxa7 Qa1+ 41. Kg2 Nb4 42. Qb7 Nxa6 43. Qe4+ g6 44. Qf3 Qxe5 45. Qxf7+ Qg7 46.
Qxe6 Nc5 47. Qc4 Qb7+ 48. f3 Qe7 49. h4 h5 50. g4 hxg4 51. Qxg4 Qe2+ 52. Kg1
Nd3 53. h5 Qe3+ 54. Kh2 Qe5+ 55. Kg1 gxh5 0-1

[Event "Thüringer Einzelmeisterschaft"]
[Site "Finsterbergen"]
[Date "2005.03.23"]
[Round "1"]
[White "Stridde, Peter"]
[Black "Paehtz, Thomas Jr"]
[Result "0-1"]
[WhiteElo "2085"]
[BlackElo "2259"]
[PlyCount "60"]
[EventDate "2005.??.??"]
[EventRounds "9"]
[EventCountry "GER"]

1. Nc3 d5 2. e4 d4 3. Nce2 e5 4. Ng3 Be6 5. Nf3 f6 6. c3 c5 7. Qa4+ Nc6 8. Bc4
Qd7 9. Bxe6 Qxe6 10. cxd4 cxd4 11. d3 Bb4+ 12. Bd2 Bxd2+ 13. Nxd2 Nge7 14. Qb3
Qxb3 15. Nxb3 a5 16. a3 a4 17. Nd2 Nd8 18. Ne2 Ne6 19. b4 axb3 20. Nxb3 Kd7 21.
Kd2 Ra4 22. Kc2 Rha8 23. Kb2 Nc6 24. g3 b6 25. Rhc1 Na5 26. Nxa5 R8xa5 27. Rc4
Rxc4 28. dxc4 Nc5 29. f3 Ra4 30. Rc1 Nd3+ 0-1

[Event "Thüringer Einzelmeisterschaft"]
[Site "Finsterbergen"]
[Date "2005.03.23"]
[Round "1"]
[White "Kirste, Olaf"]
[Black "Kirschbaum, Gunnar"]
[Result "0-1"]
[WhiteElo "2056"]
[BlackElo "2215"]
[PlyCount "60"]
[EventDate "2005.??.??"]
[EventRounds "9"]
[EventCountry "GER"]

1. c4 Nf6 2. Nc3 g6 3. e4 d6 4. d4 Bg7 5. f3 O-O 6. Be3 c5 7. Nge2 Nc6 8. Qd2
a6 9. Rd1 Qa5 10. d5 Ne5 11. Nc1 Bd7 12. Be2 b5 13. b3 Nfg4 14. Nxb5 axb5 15.
fxg4 Nf3+ 16. gxf3 Bc3 17. O-O Bxd2 18. Rxd2 bxc4 19. bxc4 Rfb8 20. Nb3 Qb4 21.
Kf2 Ra3 22. Rc1 Rba8 23. Rcc2 Ba4 24. Rd3 Bxb3 25. Rxb3 Rxb3 26. axb3 Qxb3 27.
Rd2 f6 28. g5 Ra1 29. gxf6 exf6 30. Bd3 g5 0-1

[Event "Thüringer Einzelmeisterschaft"]
[Site "Finsterbergen"]
[Date "2005.03.23"]
[Round "1"]
[White "Wehner, Jannis"]
[Black "Vogel, Alfred"]
[Result "1-0"]
[WhiteElo "2212"]
[BlackElo "2049"]
[PlyCount "67"]
[EventDate "2005.??.??"]
[EventRounds "9"]
[EventCountry "GER"]

1. e4 e6 2. d4 d5 3. Nc3 Bb4 4. e5 c5 5. a3 Ba5 6. b4 cxd4 7. bxa5 dxc3 8. Qg4
Ne7 9. Qxg7 Rg8 10. Qxh7 Nbc6 11. Nf3 Qc7 12. Bf4 Bd7 13. Bg3 O-O-O 14. Bd3
Rdf8 15. O-O Nxa5 16. Qh4 Ng6 17. Qb4 Nc6 18. Qxc3 Kb8 19. Nd4 Nxd4 20. Qxd4
Rc8 21. h4 Rh8 22. Qg4 Rcg8 23. h5 Nf8 24. Qe2 Qd8 25. Rab1 Qg5 26. Rxb7+ Kxb7
27. Rb1+ Kc7 28. Qe1 Bc6 29. Qa5+ Kd7 30. Qxa7+ Ke8 31. Rb8+ Qd8 32. Rxd8+ Kxd8
33. Qb6+ Kd7 34. Qb8 1-0

[Event "Thüringer Einzelmeisterschaft"]
[Site "Finsterbergen"]
[Date "2005.03.23"]
[Round "1"]
[White "Hermann, Ingo"]
[Black "Missbach, Bernd"]
[Result "1/2-1/2"]
[WhiteElo "2004"]
[BlackElo "2190"]
[PlyCount "51"]
[EventDate "2005.??.??"]
[EventRounds "9"]
[EventCountry "GER"]

1. e4 g6 2. d4 Bg7 3. Nc3 d6 4. Be3 c6 5. Qd2 b5 6. f3 Nd7 7. g4 b4 8. Nce2 Qa5
9. Ng3 Rb8 10. a3 Ba6 11. Bxa6 Qxa6 12. N1e2 c5 13. Kf2 b3 14. c3 c4 15. Rad1
e6 16. h4 h6 17. f4 Ngf6 18. Kf3 h5 19. gxh5 Nxh5 20. Nxh5 Rxh5 21. Ng3 Rh7 22.
h5 gxh5 23. Nxh5 Ke7 24. Nxg7 Rxg7 25. Rdg1 Rbg8 26. Qh2 1/2-1/2

[Event "Thüringer Einzelmeisterschaft"]
[Site "Finsterbergen"]
[Date "2005.03.23"]
[Round "1"]
[White "Holzschuh, Stephan"]
[Black "Von Otte, Wilhelm"]
[Result "1-0"]
[WhiteElo "2181"]
[BlackElo "1977"]
[PlyCount "81"]
[EventDate "2005.??.??"]
[EventRounds "9"]
[EventCountry "GER"]

1. e4 e6 2. d3 d5 3. Nd2 c5 4. Ngf3 Nf6 5. g3 Nc6 6. Bg2 g6 7. O-O Bg7 8. Re1
O-O 9. c3 b6 10. Qc2 Bb7 11. Nf1 Rc8 12. Bf4 Nh5 13. Bg5 Qd6 14. Qc1 f6 15. Bh6
Ne5 16. Nxe5 fxe5 17. Bxg7 Kxg7 18. Qc2 Rf7 19. Rad1 Rcf8 20. Rd2 d4 21. c4 Qd8
22. a3 Qe8 23. b4 Nf6 24. Rb1 Bc6 25. b5 Bb7 26. Qd1 h5 27. h4 Qe7 28. Nh2 Nd7
29. Nf3 a5 30. bxa6 Bxa6 31. Ng5 Rf6 32. Bh3 Rh8 33. Qa4 Bb7 34. Qa7 Rb8 35.
Rxb6 Nxb6 36. Qxb8 Na4 37. Qxe5 Bc8 38. Qb8 Bd7 39. Qa7 Kh6 40. e5 Rf8 41. Bxe6
1-0

[Event "Thüringer Einzelmeisterschaft"]
[Site "Finsterbergen"]
[Date "2005.03.23"]
[Round "1"]
[White "Hannes, Diana"]
[Black "Buring, Matthias"]
[Result "1/2-1/2"]
[WhiteElo "1928"]
[BlackElo "2154"]
[PlyCount "49"]
[EventDate "2005.??.??"]
[EventRounds "9"]
[EventCountry "GER"]

1. e4 e5 2. Nf3 d5 3. Nxe5 Bd6 4. d4 dxe4 5. Nc3 Bxe5 6. dxe5 Qxd1+ 7. Kxd1
Bg4+ 8. Be2 Bxe2+ 9. Kxe2 Nc6 10. Rd1 Nge7 11. Nxe4 Nxe5 12. b3 O-O 13. Bb2
N7g6 14. f3 Rfe8 15. Kf2 b6 16. Rd2 c5 17. c4 Rad8 18. Rad1 Rxd2+ 19. Rxd2 f5
20. Ng3 f4 21. Ne2 Kf7 22. Nc3 Re7 23. Nd5 Rd7 24. Ke1 Ke6 25. Bxe5 1/2-1/2

[Event "Thüringer Einzelmeisterschaft"]
[Site "Finsterbergen"]
[Date "2005.03.23"]
[Round "1"]
[White "Wegerich, Michael"]
[Black "Koksch, Florian"]
[Result "1-0"]
[WhiteElo "2135"]
[BlackElo "1910"]
[PlyCount "49"]
[EventDate "2005.??.??"]
[EventRounds "9"]
[EventCountry "GER"]

1. e4 e5 2. Nf3 Nc6 3. Bb5 Bc5 4. O-O d6 5. h3 Bd7 6. c3 Bb6 7. d4 a6 8. Ba4
Nge7 9. Re1 O-O 10. Bg5 h6 11. Bh4 Qe8 12. Bb3 Ng6 13. Bg3 Kh8 14. Na3 Ba7 15.
Nc4 b5 16. Ne3 Bc8 17. Bc2 Bb7 18. Nf5 Rd8 19. Qd2 f6 20. a4 Bb6 21. axb5 axb5
22. Nxh6 gxh6 23. Qxh6+ Kg8 24. Bb3+ Rf7 25. Qxg6+ 1-0

[Event "Thüringer Einzelmeisterschaft"]
[Site "Finsterbergen"]
[Date "2005.03.23"]
[Round "1"]
[White "Tischer, Jana"]
[Black "Gulich, Christian"]
[Result "1-0"]
[WhiteElo "1867"]
[BlackElo "2113"]
[PlyCount "37"]
[EventDate "2005.??.??"]
[EventRounds "9"]
[EventCountry "GER"]

1. e4 c5 2. Nc3 Nc6 3. f4 g6 4. Bc4 d6 5. Nf3 Bg7 6. O-O e6 7. d3 Nge7 8. a3
O-O 9. Qe1 a6 10. f5 exf5 11. Qh4 Qc7 12. Bh6 Be6 13. Bxe6 fxe6 14. Bxg7 Kxg7
15. Ng5 Qd7 16. Qxh7+ Kf6 17. e5+ Kxg5 18. h4+ Kg4 19. Qh6 1-0

[Event "Thüringer Einzelmeisterschaft"]
[Site "Finsterbergen"]
[Date "2005.03.23"]
[Round "1"]
[White "Koksch, Robert"]
[Black "Kirchhübel, Steffen"]
[Result "1-0"]
[WhiteElo "2099"]
[BlackElo "1847"]
[PlyCount "95"]
[EventDate "2005.??.??"]
[EventRounds "9"]
[EventCountry "GER"]

1. d4 c6 2. c4 Nf6 3. Nc3 d5 4. Nf3 e6 5. Bg5 Be7 6. e3 Nbd7 7. Bd3 h6 8. Bxf6
Nxf6 9. O-O Bb4 10. Rc1 O-O 11. Qe2 dxc4 12. Bxc4 Bxc3 13. Rxc3 Ne4 14. Rcc1
Bd7 15. Bd3 Nf6 16. e4 Nh5 17. Bb1 Be8 18. Rfd1 Qe7 19. Rc5 f6 20. g3 Rd8 21.
a3 Bf7 22. b4 g5 23. h4 Ng7 24. hxg5 hxg5 25. Kg2 Rd7 26. Qe3 e5 27. d5 Rfd8
28. Ba2 cxd5 29. Bxd5 Bxd5 30. Rcxd5 Rxd5 31. Rxd5 Rxd5 32. exd5 b6 33. Qc3 Qd7
34. Qc6 Qd8 35. Nd2 Ne8 36. Ne4 Kg7 37. d6 f5 38. d7 Nc7 39. Nd6 Ne6 40. Nb7
Qf6 41. Qc8 f4 42. d8=Q Nxd8 43. Nxd8 fxg3 44. fxg3 e4 45. Qd7+ Kf8 46. Ne6+
Kg8 47. Qd8+ Kf7 48. Nxg5+ 1-0

[Event "Thüringer Einzelmeisterschaft"]
[Site "Finsterbergen"]
[Date "2005.03.23"]
[Round "1"]
[White "Grüner, Nico"]
[Black "Taudte, Stefan"]
[Result "0-1"]
[WhiteElo "1481"]
[BlackElo "2093"]
[PlyCount "76"]
[EventDate "2005.??.??"]
[EventRounds "9"]
[EventCountry "GER"]

1. e4 d5 2. exd5 Nf6 3. d4 Nxd5 4. c4 Nf6 5. h3 e6 6. Nf3 c5 7. Nc3 cxd4 8.
Qxd4 Qxd4 9. Nxd4 Bb4 10. Bd2 Bd7 11. Bd3 Nc6 12. Nf3 O-O-O 13. O-O-O Be8 14.
Bc2 Na5 15. Ne4 Bxd2+ 16. Nfxd2 Nxe4 17. Bxe4 Rd4 18. b3 f5 19. Bc2 Bc6 20.
Rhe1 Bxg2 21. Rxe6 g6 22. Rde1 Nc6 23. Bd1 Rhd8 24. Nf3 Rxd1+ 25. Rxd1 Rxd1+
26. Kxd1 Bxf3+ 27. Kd2 Kd7 28. Re3 Bh5 29. Kc3 g5 30. h4 g4 31. b4 f4 32. Re4
g3 33. fxg3 fxg3 34. b5 Ne7 35. Re5 Bg4 36. c5 g2 37. Re1 Be2 38. a4 Bf1 0-1

[Event "Thüringer Einzelmeisterschaft"]
[Site "Finsterbergen"]
[Date "2005.03.23"]
[Round "1"]
[White "Schmidt, Matthias"]
[Black "Manger, Erika"]
[Result "1-0"]
[WhiteElo "2090"]
[BlackElo "1479"]
[PlyCount "93"]
[EventDate "2005.??.??"]
[EventRounds "9"]
[EventCountry "GER"]

1. e4 e6 2. d4 d5 3. Nc3 Bb4 4. Qd3 c5 5. dxc5 Bxc5 6. exd5 Nf6 7. dxe6 Qxd3 8.
Bxd3 Bxe6 9. Nf3 O-O 10. O-O Nc6 11. a3 h6 12. Bf4 Rad8 13. Rad1 Nd5 14. Nxd5
Rxd5 15. Be4 Rxd1 16. Rxd1 Rd8 17. Rxd8+ Nxd8 18. Bc7 Nc6 19. b4 Bb6 20. Bxb6
axb6 21. Bxc6 bxc6 22. Ne5 c5 23. bxc5 bxc5 24. a4 f6 25. Nd3 c4 26. Nb4 Bc8
27. a5 Bb7 28. a6 Ba8 29. a7 Kf7 30. Na6 Ke7 31. Nc7 Bb7 32. a8=Q Bxa8 33. Nxa8
Kd6 34. Kf1 Kc5 35. Nc7 g6 36. c3 Kc6 37. Ne6 Kd6 38. Nd4 h5 39. Ke2 g5 40. Ke3
Kd5 41. f4 g4 42. g3 Kc5 43. Ke4 Kd6 44. Nf5+ Ke6 45. Ng7+ Kf7 46. Nxh5 Kg6 47.
Nxf6 1-0

[Event "Thüringer Einzelmeisterschaft"]
[Site "Finsterbergen"]
[Date "2005.03.24"]
[Round "2"]
[White "Paehtz, Thomas Jr"]
[Black "Koksch, Robert"]
[Result "1-0"]
[WhiteElo "2259"]
[BlackElo "2099"]
[PlyCount "75"]
[EventDate "2005.??.??"]
[EventRounds "9"]
[EventCountry "GER"]

1. e4 c6 2. d4 d5 3. exd5 cxd5 4. c4 Nf6 5. cxd5 Nxd5 6. Nc3 e6 7. Nf3 Bb4 8.
Qc2 Nc6 9. Bd3 Nf6 10. O-O O-O 11. Rd1 h6 12. a3 Bd6 13. Qe2 Ne7 14. Ne5 Ned5
15. Qf3 Nxc3 16. bxc3 Qe7 17. Qg3 Kh8 18. Re1 Bd7 19. Qh4 Bxe5 20. Rxe5 Ng8 21.
Qe4 Nf6 22. Qxb7 Qd6 23. Qf3 Bc6 24. Qh3 Ng8 25. a4 Rfc8 26. Ba3 Qd7 27. a5 Bd5
28. Bc5 Rab8 29. Bc2 Rb2 30. Qd3 Nf6 31. Ree1 Qc6 32. f3 Qc7 33. Rab1 Rxb1 34.
Rxb1 Qxa5 35. c4 Ba8 36. Be7 Qf5 37. Qxf5 exf5 38. Bxf5 1-0

[Event "Thüringer Einzelmeisterschaft"]
[Site "Finsterbergen"]
[Date "2005.03.24"]
[Round "2"]
[White "Kirschbaum, Gunnar"]
[Black "Schmidt, Matthias"]
[Result "1-0"]
[WhiteElo "2215"]
[BlackElo "2090"]
[PlyCount "47"]
[EventDate "2005.??.??"]
[EventRounds "9"]
[EventCountry "GER"]

1. d4 Nf6 2. c4 g6 3. Nc3 Bg7 4. e4 d6 5. f4 O-O 6. Nf3 Na6 7. Be2 c6 8. O-O
Nc7 9. Qe1 d5 10. cxd5 cxd5 11. e5 Ne4 12. Be3 f5 13. Rc1 Bd7 14. h4 h5 15. Kh2
e6 16. Qd1 Nxc3 17. Rxc3 a6 18. Ng5 Bh6 19. Bxh5 Bxg5 20. hxg5 Kg7 21. Bf3 Rh8+
22. Kg3 Nb5 23. Rc1 Qb6 24. Qb3 1-0

[Event "Thüringer Einzelmeisterschaft"]
[Site "Finsterbergen"]
[Date "2005.03.24"]
[Round "2"]
[White "Rohmeiss, Roberto"]
[Black "Holzschuh, Stephan"]
[Result "1/2-1/2"]
[WhiteElo "2088"]
[BlackElo "2181"]
[PlyCount "22"]
[EventDate "2005.??.??"]
[EventRounds "9"]
[EventCountry "GER"]

1. d4 Nf6 2. c4 g6 3. Nc3 Bg7 4. e4 d6 5. h3 O-O 6. Bg5 Nbd7 7. Nf3 c5 8. d5 b5
9. cxb5 a6 10. a4 Qa5 11. Nd2 Nb6 1/2-1/2

[Event "Thüringer Einzelmeisterschaft"]
[Site "Finsterbergen"]
[Date "2005.03.24"]
[Round "2"]
[White "Tischer, Jana"]
[Black "Wegerich, Michael"]
[Result "0-1"]
[WhiteElo "1867"]
[BlackElo "2135"]
[PlyCount "64"]
[EventDate "2005.??.??"]
[EventRounds "9"]
[EventCountry "GER"]

1. e4 c5 2. Nc3 b6 3. f4 Bb7 4. Nf3 Nf6 5. Bc4 e6 6. Qe2 a6 7. a4 Be7 8. d3 d5
9. Bb3 d4 10. Nb1 Nc6 11. O-O Na5 12. Ne5 Nxb3 13. cxb3 O-O 14. f5 exf5 15.
Rxf5 Bc8 16. Nc6 Qc7 17. Nxe7+ Qxe7 18. Rg5 Ne8 19. Bf4 Nc7 20. Rg3 Ne6 21. Bd2
Bb7 22. Qh5 g6 23. Na3 f5 24. exf5 Ng7 25. Qg4 Rxf5 26. Re1 Raf8 27. h3 Qf6 28.
Bg5 Rxg5 29. Qxg5 Qf2+ 30. Kh2 Qxe1 31. Nc4 Rf1 32. Qd8+ Ne8 0-1

[Event "Thüringer Einzelmeisterschaft"]
[Site "Finsterbergen"]
[Date "2005.03.24"]
[Round "2"]
[White "Buring, Matthias"]
[Black "Zschiedrich, Heiko"]
[Result "1/2-1/2"]
[WhiteElo "2154"]
[BlackElo "2231"]
[PlyCount "126"]
[EventDate "2005.??.??"]
[EventRounds "9"]
[EventCountry "GER"]

1. e4 e6 2. Nf3 d5 3. e5 c5 4. b4 b6 5. d4 Nc6 6. b5 Nxd4 7. Nxd4 cxd4 8. Qxd4
f6 9. Bd3 Qc7 10. exf6 Nxf6 11. Bf4 Bd6 12. Bxd6 Qxd6 13. O-O O-O 14. Nd2 e5
15. Nc4 Qb4 16. Qb2 Qxb2 17. Nxb2 Bb7 18. Rad1 Rac8 19. c4 e4 20. Be2 Rfd8 21.
Rd4 dxc4 22. Bxc4+ Kf8 23. Rfd1 Ke7 24. Kf1 Rxd4 25. Rxd4 Rd8 26. Rxd8 Kxd8 27.
Ke2 Ke7 28. h3 Kd6 29. Na4 Bd5 30. Bxd5 Kxd5 31. Nc3+ Kc4 32. Kd2 h5 33. Kc2
Nd5 34. Nxe4 Kxb5 35. g3 Kc4 36. Nd6+ Kc5 37. Nf5 g6 38. Nh4 Ne7 39. Kc3 Kd5
40. f3 Ke5 41. Kc4 g5 42. Ng2 Nf5 43. g4 hxg4 44. hxg4 Nd6+ 45. Kd3 b5 46. Kc3
a5 47. a3 Ne8 48. Kd3 Nc7 49. Ne3 Nd5 50. Nf5 Kf4 51. Nd4 Nc7 52. Ke2 b4 53.
axb4 axb4 54. Kf2 Nd5 55. Ne6+ Ke5 56. Nxg5 Nc3 57. Ke3 b3 58. f4+ Kd5 59. Nf3
b2 60. Nd2 b1=Q 61. Nxb1 Nxb1 62. Kd3 Na3 63. g5 Nb5 1/2-1/2

[Event "Thüringer Einzelmeisterschaft"]
[Site "Finsterbergen"]
[Date "2005.03.24"]
[Round "2"]
[White "Missbach, Bernd"]
[Black "Hannes, Diana"]
[Result "1/2-1/2"]
[WhiteElo "2190"]
[BlackElo "1928"]
[PlyCount "75"]
[EventDate "2005.??.??"]
[EventRounds "9"]
[EventCountry "GER"]

1. e4 c5 2. Nf3 Nc6 3. d4 cxd4 4. Nxd4 g6 5. Nc3 Bg7 6. Be3 Nf6 7. Be2 O-O 8.
g4 d5 9. Nxc6 bxc6 10. e5 Ne8 11. f4 f6 12. exf6 Nxf6 13. O-O e6 14. Bd4 Qc7
15. b4 Nd7 16. Bxg7 Kxg7 17. Qd4+ e5 18. fxe5 Rxf1+ 19. Rxf1 Qxe5 20. Qxe5+
Nxe5 21. h3 h5 22. gxh5 Bxh3 23. Rf2 Bf5 24. Ba6 Rb8 25. a3 Rb6 26. hxg6 Kxg6
27. Bf1 Rb8 28. Ne2 Ng4 29. Rg2 Kg5 30. Ng3 Ne3 31. Re2 d4 32. Nxf5 Kxf5 33.
Bh3+ Kf4 34. Rf2+ Ke5 35. Bd7 Rg8+ 36. Kh1 Rh8+ 37. Kg1 Rg8+ 38. Kh1 1/2-1/2

[Event "Thüringer Einzelmeisterschaft"]
[Site "Finsterbergen"]
[Date "2005.03.24"]
[Round "2"]
[White "Huster, Mike"]
[Black "Hermann, Ingo"]
[Result "1-0"]
[WhiteElo "2074"]
[BlackElo "2004"]
[PlyCount "79"]
[EventDate "2005.??.??"]
[EventRounds "9"]
[EventCountry "GER"]

1. d4 d6 2. Nf3 Bg4 3. Nbd2 Nd7 4. c4 c6 5. g3 Qc7 6. Bg2 Ngf6 7. Qc2 e5 8. b3
Be7 9. Bb2 O-O 10. O-O Rfe8 11. Rfe1 Bf8 12. e4 Bh5 13. Rac1 a5 14. h3 h6 15.
Nh4 g5 16. Nf5 Bg6 17. Nf1 Bxf5 18. exf5 Bg7 19. Re2 exd4 20. Bxd4 Rxe2 21.
Qxe2 Re8 22. Qd2 Ne4 23. Bxe4 Rxe4 24. Bxg7 Kxg7 25. Rd1 d5 26. cxd5 cxd5 27.
Qxd5 Nf6 28. Qd6 Qc3 29. Qd2 Qc5 30. Ne3 a4 31. Rc1 Qb5 32. bxa4 Rxa4 33. Rc2
Qe5 34. Rc8 Rd4 35. Qc3 Qd6 36. Ra8 Qd7 37. Qc5 Nh7 38. Qe5+ f6 39. Qb8 h5 40.
Qg8+ 1-0